000 00796cab a2200253 4500
001 WB3218-32
008 090401t1996 xxu||||| |||| 00| 0 eng d
035 _a(Sirsi) u58182
041 _aeng
245 _aMining blight
260 _c1996
350 _a0
490 _aRICS Press Release
_v(pr52.mine) 3 May 1996, (3)
520 _aA survey of chartered surveyors on the RICS Subsidence Helpline shows that revised rules on the reporting of mine entries near properties for sale are reducing house prices by up to 50%.
650 _aDISUSED MINES
650 _aHOUSE PRICES
650 _aMINING SUBSIDENCE
650 _aRICS SUBSIDENCE HELPLINE
650 _aSUBSIDENCE
690 _aHOUSING-HOUSE PRICES
690 _aMINING AND MINERALS
942 _n0
948 _c04/03/1997
999 _c35496
_d35496